Citations célèbres - Statistiques

Statistiques générales
  • Ce quiz a été pris 213 fois
  • Le résultat moyen est 4 sur 15
Statistiques - réponses
Hint Réponse % Correct
« On ne naît pas femme : on le devient » Simone de Beauvoir
65%
« Je pense, donc je suis » René Descartes
63%
« Je sais que je ne sais rien » Socrate
62%
"Les Français sont des veaux." Charles de Gaulle
37%
"Je suis fier que l'on me compare à Michel Platini." Zinédine Zidane
34%
“L’imagination est plus importante que le savoir.” Albert Einstein
18%
“Je veux être le frère des blancs, pas leur beau-frère !” Martin Luther King
14%
"Quand on veut on peut, quand on peut on doit." Napoléon Bonaparte
13%
"À vaincre sans péril, on triomphe sans gloire." Pierre Corneille
13%
"Fais de ta vie un rêve, et d'un rêve, une réalité." Antoine de Saint-Exupéry
11%
“"Bite" c'est un gros mot, même si c'est une petite.” Coluche
10%
“LA VIE EST UN MYSTÈRE QU'IL FAUT VIVRE, ET NON UN PROBLÈME À RÉSOUDRE.” Gandhi
7%
"Ce n'est rien de mourir, c'est affreux de ne pas vivre ." Victor Hugo
6%
"C'est ce qui sort de ta bouche qui te maintient en vie." Bob Marley
1%
"Le sexe entre deux personnes, c'est beau. Entre cinq personnes, c'est fantastique..." Woody Allen
1%
Aucun quiz correspondant
Distribution des résultats
% des personnes avec chaque résultat
Percentile par nombre de réponses
Votre historique - résultats
Vous n’avez pas pris ce quiz